[Event "Titled Tuesday intern op 30th May Late"]
[Site "Chess.com INT"]
[Date "2023.05.30"]
[Round "7"]
[White "Arencibia Monduy, Antonio"]
[Black "Atanasov, Radislav"]
[Result "1-0"]
[WhiteElo "2122"]
[BlackElo "2025"]
[PlyCount "81"]
[EventDate "2023.05.30"]
[EventType "swiss (blitz)"]
[EventRounds "11"]
[EventCountry "USA"]
[SourceTitle "CBM 214 Extra"]
[Source "ChessBase"]
[SourceDate "2023.07.31"]
[SourceVersion "1"]
[SourceVersionDate "2023.07.31"]
[SourceQuality "1"]

1. e4 e5 2. Bc4 Nf6 3. d3 Nc6 4. Nf3 Be7 5. 0-0 0-0 6. Bb3 d6 7. c3 a6 8. Nbd2 Na5 9. Bc2 b5 10. Re1 c5 11. Nf1 Bb7 12. h3 Re8 13. Ng3 h6 14. Nf5 Bf8 15. Nh2 d5 16. Qf3 c4 17. Ng4 Nxg4 18. Qxg4 Kh8 19. dxc4 Nxc4 20. Rd1 Qb6 21. exd5 Rad8 22. b3 Nd6 23. Nxd6 Rxd6 24. Qf5 e4 25. Be3 Rf6 26. Bxb6 Rxf5 27. c4 bxc4 28. bxc4 Rg5 29. Be3 Rg6 30. c5 f5 31. c6 Bc8 32. Bf4 Rf6 33. d6 g5 34. d7 Bxd7 35. cxd7 Rd8 36. Be5 Kg7 37. Rab1 Kg6 38. Bxf6 Kxf6 39. Rb6+ Ke7 40. Rxa6 Bg7 41. Bb3 1-0

[Event "Titled Tuesday intern op 30th May Late"]
[Site "Chess.com INT"]
[Date "2023.05.30"]
[Round "3"]
[White "Tejedor Fuente, Enrique"]
[Black "Atanasov, Radislav"]
[Result "1-0"]
[WhiteElo "2390"]
[BlackElo "2025"]
[PlyCount "29"]
[EventDate "2023.05.30"]
[EventType "swiss (blitz)"]
[EventRounds "11"]
[EventCountry "USA"]
[SourceTitle "CBM 214 Extra"]
[Source "ChessBase"]
[SourceDate "2023.07.31"]
[SourceVersion "1"]
[SourceVersionDate "2023.07.31"]
[SourceQuality "1"]

1. d4 Nf6 2. Nf3 c5 3. d5 b5 4. a4 b4 5. c4 bxc3 6. Nxc3 g6 7. e4 d6 8. e5 dxe5 9. Nxe5 Bb7 10. Bb5+ Nbd7 11. Nc6 Qc7 12. 0-0 a6 13. Re1 axb5 14. Nxb5 Qb8 15. Nxb8 1-0

[Event "Titled Tuesday intern op 18th Apr Late"]
[Site "Chess.com INT"]
[Date "2023.04.18"]
[Round "7"]
[White "Atanasov, Radislav"]
[Black "Korol, Dimitry"]
[Result "1-0"]
[WhiteElo "2025"]
[BlackElo "2287"]
[PlyCount "47"]
[EventDate "2023.04.18"]
[EventType "swiss (blitz)"]
[EventRounds "11"]
[EventCountry "USA"]
[SourceTitle "EXT 2024"]
[Source "ChessBase"]
[SourceDate "2023.10.10"]
[SourceVersion "1"]
[SourceVersionDate "2023.10.10"]
[SourceQuality "1"]

1. e4 c5 2. c3 d5 3. exd5 Qxd5 4. d4 cxd4 5. cxd4 Nc6 6. Nf3 e5 7. Nc3 Bb4 8. Bd2 Bxc3 9. Bxc3 e4 10. Ne5 Nxe5 11. dxe5 Ne7 12. Qe2 0-0 13. Qb5 Be6 14. Be2 Qxb5 15. Bxb5 Nd5 16. Bd2 Rfc8 17. Ba4 Nb6 18. Bd1 Nc4 19. Bc3 Rc5 20. 0-0 Nxe5 21. Re1 Bf5 22. f3 Nd3 23. Re3 exf3 24. Bxf3 1-0

[Event "Titled Tuesday intern op 18th Apr Late"]
[Site "Chess.com INT"]
[Date "2023.04.18"]
[Round "2"]
[White "Atanasov, Radislav"]
[Black "Sadhwani, Raunak"]
[Result "0-1"]
[WhiteElo "2025"]
[BlackElo "2627"]
[PlyCount "54"]
[EventDate "2023.04.18"]
[EventType "swiss (blitz)"]
[EventRounds "11"]
[EventCountry "USA"]
[SourceTitle "EXT 2024"]
[Source "ChessBase"]
[SourceDate "2023.10.10"]
[SourceVersion "1"]
[SourceVersionDate "2023.10.10"]
[SourceQuality "1"]

1. e4 g6 2. d4 Bg7 3. Nf3 d6 4. h3 Nf6 5. Bd3 0-0 6. c3 Nc6 7. Nbd2 e5 8. 0-0 Nh5 9. Re1 exd4 10. cxd4 Nxd4 11. Nxd4 Bxd4 12. Nf3 Bg7 13. Bg5 Bf6 14. Bh6 Bxb2 15. Bxf8 Bxa1 16. Qxa1 Qxf8 17. Qd4 Nf4 18. Bc4 Be6 19. e5 Bxc4 20. Qxf4 Bxa2 21. Ng5 dxe5 22. Qh4 h6 23. Ne4 Be6 24. Nf6+ Kg7 25. Rxe5 Qd8 26. Nh5+ gxh5 27. Qxh5 Qf6 0-1

[Event "Titled Tuesday intern op 10th Jan Late"]
[Site "Chess.com INT"]
[Date "2023.01.10"]
[Round "8"]
[White "Atanasov, Radislav"]
[Black "Almedina Ortiz, Edgardo J"]
[Result "1-0"]
[WhiteElo "2025"]
[BlackElo "2156"]
[PlyCount "91"]
[EventDate "2023.01.10"]
[EventType "swiss (blitz)"]
[EventRounds "11"]
[EventCountry "USA"]
[SourceTitle "EXT 2024"]
[Source "ChessBase"]
[SourceDate "2023.10.10"]
[SourceVersion "1"]
[SourceVersionDate "2023.10.10"]
[SourceQuality "1"]

1. e4 e5 2. Nf3 Nc6 3. Bb5 a6 4. Ba4 Nf6 5. 0-0 Be7 6. Re1 b5 7. Bb3 d6 8. c3 0-0 9. h3 Na5 10. Bc2 c5 11. d4 Qc7 12. Nbd2 cxd4 13. cxd4 Nc6 14. Nb3 a5 15. Be3 a4 16. Nbd2 Bd7 17. a3 Rfc8 18. Rc1 Qb7 19. Qe2 Bd8 20. Bb1 Ba5 21. Rcd1 b4 22. Nc4 Bc7 23. dxe5 dxe5 24. Bg5 Be6 25. Bxf6 gxf6 26. Nd6 Bxd6 27. Rxd6 bxa3 28. bxa3 Kh8 29. Nh4 Nd4 30. Qh5 Rg8 31. Rxd4 exd4 32. e5 f5 33. Qh6 Rg7 34. g3 Rag8 35. Bxf5 Bxf5 36. Nxf5 Rg6 37. Qh4 Re8 38. Qxd4 Qb3 39. e6+ f6 40. e7 Qxa3 41. Nd6 Rxg3+ 42. Kf1 Rxe7 43. Qxf6+ Rgg7 44. Rxe7 Qc1+ 45. Re1 Qa3 46. Re8# 1-0

[Event "PNWCC-Bulgaria Hybrid 06"]
[Site "Chess.com INT"]
[Date "2022.06.19"]
[Round "?"]
[White "Atanasov, Radislav"]
[Black "Heidari, Ako"]
[Result "1-0"]
[WhiteElo "2065"]
[BlackElo "1788"]
[PlyCount "135"]
[EventDate "2022.06.18"]
[EventType "team-match"]
[EventRounds "4"]
[EventCountry "USA"]
[SourceTitle "EXT 2024"]
[Source "ChessBase"]
[SourceDate "2023.10.10"]
[SourceVersion "1"]
[SourceVersionDate "2023.10.10"]
[SourceQuality "1"]
[WhiteTeam "Bulgaria"]
[BlackTeam "PNWCC"]
[WhiteTeamCountry "BUL"]
[BlackTeamCountry "USA"]

1. d4 d6 2. e4 g6 3. Nf3 Bg7 4. Be2 Nd7 5. 0-0 e6 6. a4 Ne7 7. h3 h6 8. c3 0-0 9. Nbd2 g5 10. Re1 Ng6 11. g3 e5 12. Bf1 Nf6 13. Qb3 Nh5 14. dxe5 dxe5 15. Nc4 Qf6 16. Bg2 Rb8 17. Ne3 c6 18. Nf5 Be6 19. Qb4 Rfd8 20. Nh2 Bf8 21. Qa5 Qh8 22. Qxa7 Bxf5 23. exf5 Ne7 24. Be3 Qf6 25. Be4 Nd5 26. Ng4 Qd6 27. Bxd5 cxd5 28. a5 d4 29. Red1 d3 30. Qb6 e4 31. Qxd6 Rxd6 32. Bc5 Rd5 33. Bxf8 Kxf8 34. Ne3 Re5 35. b4 Nf6 36. c4 h5 37. Kf1 g4 38. h4 Rc8 39. Ke1 Ne8 40. a6 bxa6 41. Rxa6 Rb8 42. b5 Ke7 43. Kd2 Kd7 44. Ra7+ Kd6 45. Rxf7 Ra8 46. Kc3 Kc5 47. Rb1 Ra3+ 48. Rb3 Rxb3+ 49. Kxb3 Kb6 50. Re7 Rxe7 51. Nd5+ Kc5 52. Nxe7 Nd6 53. f6 Kd4 54. Nf5+ Nxf5 55. f7 d2 56. Kc2 e3 57. f8Q d1Q+ 58. Kxd1 e2+ 59. Kxe2 Ke4 60. Qe8+ Kd4 61. Qd7+ Ke5 62. Qd5+ Kf6 63. b6 Ne7 64. Qd6+ Kf7 65. c5 Ke8 66. b7 Nd5 67. b8Q+ Kf7 68. Qbf8# 1-0

[Event "Titled Tuesday intern op 04th Jan"]
[Site "Chess.com INT"]
[Date "2022.01.04"]
[Round "3"]
[White "Atanasov, Radislav"]
[Black "Nazaretyan, Tigran"]
[Result "0-1"]
[WhiteElo "2081"]
[BlackElo "2316"]
[PlyCount "144"]
[EventDate "2022.01.04"]
[EventType "swiss (blitz)"]
[EventRounds "11"]
[EventCountry "USA"]
[SourceTitle "EXT 2023"]
[Source "ChessBase"]
[SourceDate "2022.10.05"]
[SourceVersion "1"]
[SourceVersionDate "2022.10.05"]
[SourceQuality "1"]

1. d4 Nf6 2. c4 c5 3. d5 b5 4. cxb5 a6 5. e3 axb5 6. Bxb5 Qa5+ 7. Nc3 Bb7 8. Bd2 Qb6 9. Nf3 Nxd5 10. a4 e6 11. a5 Nxc3 12. axb6 Nxd1 13. Rxa8 Bxa8 14. Kxd1 Be7 15. Ke2 Bd8 16. Ba5 Nc6 17. Ra1 Nxa5 18. Rxa5 Bxf3+ 19. Kxf3 Bxb6 20. Ra6 Bd8 21. Ra7 0-0 22. Bxd7 Bf6 23. b3 Bc3 24. Rc7 Bb4 25. Ke4 g6 26. g4 h6 27. f4 Ra8 28. Bb5 Ra2 29. f5 exf5+ 30. gxf5 Rxh2 31. fxg6 fxg6 32. Bc4+ Kf8 33. Rf7+ Ke8 34. Ke5 Kd8 35. Kd6 Rd2+ 36. Kc6 Ke8 37. Rf6 Rg2 38. e4 Bc3 39. e5 Bxe5 40. Re6+ Kf8 41. Rxe5 h5 42. Kxc5 h4 43. b4 h3 44. Re3 h2 45. Rh3 g5 46. b5 g4 47. Rh7 g3 48. b6 Rb2 49. Bd5 g2 50. Bxg2 Rxg2 51. b7 Rb2 52. Rxh2 Rxb7 53. Rh8+ Kg7 54. Re8 Rc7+ 55. Kd6 Rc1 56. Re7+ Kf6 57. Re6+ Kf5 58. Re5+ Kf4 59. Re8 Ra1 60. Rf8+ Ke4 61. Ke6 Ra6+ 62. Kd7 Kd5 63. Ke7 Ke5 64. Kd7 Ra7+ 65. Kc6 Ra1 66. Kd7 Rc1 67. Re8+ Kd5 68. Re7 Ra1 69. Re8 Ra7+ 70. Kc8 Kd6 71. Kb8 Rh7 72. Re1 Rh8+ 0-1

[Event "PNWCC-Bulgaria Hybrid m2"]
[Site "Chess.com INT"]
[Date "2021.12.23"]
[Round "11"]
[White "Atanasov, Radislav"]
[Black "Mei, Austin"]
[Result "0-1"]
[WhiteElo "2072"]
[BlackElo "2069"]
[PlyCount "110"]
[EventDate "2021.12.18"]
[EventType "team-match"]
[EventRounds "12"]
[EventCountry "USA"]
[SourceTitle "CBM 206 Extra"]
[Source "ChessBase"]
[SourceDate "2022.03.31"]
[SourceVersion "1"]
[SourceVersionDate "2022.03.31"]
[SourceQuality "1"]
[WhiteTeam "Bulgaria"]
[BlackTeam "PNWCC"]
[WhiteTeamCountry "BUL"]
[BlackTeamCountry "USA"]

1. d4 Nf6 2. c4 g6 3. Nc3 Bg7 4. e4 0-0 5. Bg5 d6 6. Qd2 Nbd7 7. Bd3 c6 8. Nge2 e5 9. d5 Nc5 10. Bc2 Qb6 11. Rb1 cxd5 12. Bxf6 Bxf6 13. Nxd5 Qd8 14. Nxf6+ Qxf6 15. 0-0 Rd8 16. b4 Ne6 17. Rb3 Bd7 18. Rd3 Bc6 19. f3 b5 20. Bb3 a5 21. a3 axb4 22. axb4 Ra3 23. Qb2 bxc4 24. Bxc4 Rxd3 25. Bxd3 d5 26. b5 Bb7 27. exd5 Bxd5 28. Nc3 Nf4 29. Nxd5 Rxd5 30. Be4 Qb6+ 31. Kh1 Qxb5 32. Qxb5 Rxb5 33. g3 Ne6 34. Rf2 Kg7 35. Kg2 h5 36. h4 f5 37. Bd3 Rb6 38. Rc2 Nd4 39. Ra2 Rb3 40. Be2 Re3 41. Bd1 Rd3 42. Ra1 Rd2+ 43. Kf1 f4 44. gxf4 exf4 45. Kg1 Nf5 46. Ra7+ Kh6 47. Ba4 Nxh4 48. Bc6 Nf5 49. Ra4 Ng3 50. Bb5 Kg5 51. Ba6 Nf5 52. Bc8 Nd4 53. Bb7 Kh4 54. Ra6 g5 55. Rh6 Kg3 0-1

[Event "Titled Tuesday intern op 30th Nov"]
[Site "Chess.com INT"]
[Date "2021.11.30"]
[Round "6"]
[White "Atanasov, Radislav"]
[Black "Padmini, Rout"]
[Result "1-0"]
[WhiteElo "2072"]
[BlackElo "2353"]
[PlyCount "83"]
[EventDate "2021.11.30"]
[EventType "swiss (blitz)"]
[EventRounds "11"]
[EventCountry "USA"]
[SourceTitle "CBM 205 Extra"]
[Source "ChessBase"]
[SourceDate "2022.01.31"]
[SourceVersion "1"]
[SourceVersionDate "2022.01.31"]
[SourceQuality "1"]

1. e4 c5 2. c3 d5 3. exd5 Qxd5 4. d4 g6 5. Nf3 Bg7 6. Be2 Nf6 7. 0-0 0-0 8. h3 Nc6 9. Be3 cxd4 10. cxd4 Ne4 11. Nc3 Nxc3 12. bxc3 Na5 13. Nd2 Qd8 14. Bf3 Be6 15. Qa4 Rc8 16. c4 Bxc4 17. Rfc1 b5 18. Qa3 Bxd4 19. Bxd4 Qxd4 20. Qxa5 Bd3 21. Nb3 Qd6 22. Qxa7 e5 23. Qe3 f5 24. Rd1 Rc3 25. Rac1 Rxc1 26. Nxc1 e4 27. Nxd3 exf3 28. Qxf3 Qa3 29. Qd5+ Kg7 30. Ne5 Kh6 31. Qd2+ f4 32. Qd4 Qxa2 33. Ng4+ Kg5 34. Qc5+ Rf5 35. Qe7+ Kh5 36. Nf6+ Kg5 37. Ne4+ Kh6 38. Qh4+ Kg7 39. Rd7+ Rf7 40. Qf6+ Kg8 41. Rd8+ Rf8 42. Qxf8# 1-0

[Event "Titled Tuesday intern op 23rd Nov"]
[Site "Chess.com INT"]
[Date "2021.11.23"]
[Round "9"]
[White "Atanasov, Radislav"]
[Black "Baskin, Robert"]
[Result "0-1"]
[WhiteElo "2072"]
[BlackElo "2383"]
[PlyCount "100"]
[EventDate "2021.11.23"]
[EventType "swiss (blitz)"]
[EventRounds "11"]
[EventCountry "USA"]
[SourceTitle "CBM 205 Extra"]
[Source "ChessBase"]
[SourceDate "2022.01.31"]
[SourceVersion "1"]
[SourceVersionDate "2022.01.31"]
[SourceQuality "1"]

1. e4 c5 2. c3 Nf6 3. e5 Nd5 4. d4 cxd4 5. Nf3 d6 6. cxd4 Nc6 7. Bc4 Nb6 8. Bb5 dxe5 9. Nxe5 Bd7 10. Nxd7 Qxd7 11. 0-0 e6 12. Qg4 h5 13. Qe2 Be7 14. Nc3 a6 15. Bxc6 Qxc6 16. Rd1 Rd8 17. Bf4 Nd5 18. Be5 f6 19. Nxd5 Rxd5 20. Rac1 Qd7 21. Bf4 Kf7 22. Rc7 Qb5 23. Qxb5 Rxb5 24. b3 Rd8 25. h4 e5 26. Bg3 Rbd5 27. Rxb7 Rxd4 28. Rc1 Rd1+ 29. Rxd1 Rxd1+ 30. Kh2 Rd2 31. a4 a5 32. f4 e4 33. Be1 Rd1 34. Bxa5 Ke6 35. Bb6 Bd6 36. g3 Rd3 37. a5 Rxb3 38. a6 e3 39. Bxe3 Rxe3 40. a7 Ra3 41. Rxg7 Kf5 42. Kg2 Bc5 43. Kf1 Bxa7 44. Ke2 Bc5 45. Rh7 Ke4 46. Rxh5 Ra2+ 47. Kd1 Be3 48. Rh8 Kd3 49. Rd8+ Bd4 50. Ke1 Ra1# 0-1

[Event "Titled Tuesday intern op 23rd Nov"]
[Site "Chess.com INT"]
[Date "2021.11.23"]
[Round "11"]
[White "Atanasov, Radislav"]
[Black "Ronka, Erik"]
[Result "0-1"]
[WhiteElo "2072"]
[BlackElo "2321"]
[PlyCount "76"]
[EventDate "2021.11.23"]
[EventType "swiss (blitz)"]
[EventRounds "11"]
[EventCountry "USA"]
[SourceTitle "CBM 205 Extra"]
[Source "ChessBase"]
[SourceDate "2022.01.31"]
[SourceVersion "1"]
[SourceVersionDate "2022.01.31"]
[SourceQuality "1"]

1. e4 c5 2. c3 Nf6 3. e5 Nd5 4. d4 cxd4 5. cxd4 d6 6. Nf3 e6 7. a3 Bd7 8. Bd3 Bc6 9. 0-0 Nd7 10. Re1 Be7 11. Qe2 0-0 12. Bd2 Rc8 13. Nc3 Nxc3 14. Bxc3 dxe5 15. dxe5 Nb6 16. Rad1 Nd5 17. Qe4 g6 18. Qg4 Qb6 19. Bd4 Bc5 20. Bxc5 Qxc5 21. h4 Ne7 22. h5 Bxf3 23. Qxf3 Nf5 24. Bxf5 exf5 25. e6 fxe6 26. hxg6 hxg6 27. Rxe6 Rc6 28. Rde1 Rxe6 29. Rxe6 Qc1+ 30. Kh2 Kf7 31. Qd5 Rh8+ 32. Kg3 Qg5+ 33. Kf3 Qg4+ 34. Ke3 f4+ 35. Kd4 Qxe6 36. Qxb7+ Kf6 37. Qxa7 Rd8+ 38. Kc3 Rc8+ 0-1

[Event "Titled Tuesday intern op 23rd Nov"]
[Site "Chess.com INT"]
[Date "2021.11.23"]
[Round "7"]
[White "Garagulya, Konstantin"]
[Black "Atanasov, Radislav"]
[Result "0-1"]
[WhiteElo "2389"]
[BlackElo "2072"]
[PlyCount "86"]
[EventDate "2021.11.23"]
[EventType "swiss (blitz)"]
[EventRounds "11"]
[EventCountry "USA"]
[SourceTitle "CBM 205 Extra"]
[Source "ChessBase"]
[SourceDate "2022.01.31"]
[SourceVersion "1"]
[SourceVersionDate "2022.01.31"]
[SourceQuality "1"]

1. d4 Nf6 2. Nf3 e6 3. Bg5 h6 4. Bh4 c5 5. Nbd2 cxd4 6. Nxd4 Nc6 7. Nxc6 bxc6 8. c4 d5 9. e3 Be7 10. Qc2 0-0 11. Be2 a5 12. 0-0 a4 13. Rfd1 Qb6 14. Rab1 Ba6 15. e4 Nxe4 16. c5 Bxc5 17. Nxe4 dxe4 18. Bxa6 Rxa6 19. Rbc1 Bd4 20. Qxe4 c5 21. Rc2 Ra7 22. h3 Rb7 23. Kh2 f5 24. Qd3 g5 25. Bg3 f4 26. Qg6+ Rg7 27. Qxh6 fxg3+ 28. fxg3 Rf6 29. Qh5 Qb8 30. Re2 Bf2 31. Qg4 Rh6 32. Rd3 Bd4 33. Rxe6 Rxe6 34. Qxe6+ Kh8 35. b3 axb3 36. Rxb3 Qg8 37. Qd6 Qf7 38. Rb8+ Kh7 39. Rd8 Qxa2 40. Qf8 Qf2 41. Qh8+ Kg6 42. Rd6+ Kf7 43. Qh6 Qg1# 0-1

[Event "Titled Tuesday intern op 23rd Nov"]
[Site "Chess.com INT"]
[Date "2021.11.23"]
[Round "1"]
[White "Poormosavi, Seyed Kian"]
[Black "Atanasov, Radislav"]
[Result "1-0"]
[WhiteElo "2297"]
[BlackElo "2072"]
[PlyCount "75"]
[EventDate "2021.11.23"]
[EventType "swiss (blitz)"]
[EventRounds "11"]
[EventCountry "USA"]
[SourceTitle "CBM 205 Extra"]
[Source "ChessBase"]
[SourceDate "2022.01.31"]
[SourceVersion "1"]
[SourceVersionDate "2022.01.31"]
[SourceQuality "1"]

1. e4 e5 2. Nf3 Nc6 3. Bc4 Nf6 4. 0-0 Nxe4 5. Re1 d5 6. Bb5 Bc5 7. d4 exd4 8. Nxd4 0-0 9. c3 Qf6 10. Be3 Ne5 11. Nd2 c6 12. Bf1 Bg4 13. f3 Bh5 14. Qc2 Nxd2 15. Qxd2 Rae8 16. b4 Bb6 17. a4 a6 18. a5 Ba7 19. Bf2 h6 20. Nb3 Bxf2+ 21. Qxf2 Bg6 22. Nc5 Nc4 23. Bxc4 dxc4 24. Rxe8 Rxe8 25. Re1 Rxe1+ 26. Qxe1 Bd3 27. Nxb7 h5 28. Nc5 h4 29. h3 Qg6 30. Nxa6 Bf5 31. Qe8+ Kh7 32. Qe1 Qg5 33. Kh1 Bd3 34. Nc5 f5 35. a6 Qd8 36. a7 Qa8 37. Qxh4+ Kg8 38. Qe7 1-0

[Event "Titled Tuesday intern op 16th Nov"]
[Site "Chess.com INT"]
[Date "2021.11.16"]
[Round "7"]
[White "Atanasov, Radislav"]
[Black "Kiseleva, Arina"]
[Result "0-1"]
[WhiteElo "2072"]
[BlackElo "1970"]
[PlyCount "84"]
[EventDate "2021.11.16"]
[EventType "swiss (blitz)"]
[EventRounds "11"]
[EventCountry "USA"]
[SourceTitle "CBM 205 Extra"]
[Source "ChessBase"]
[SourceDate "2022.01.31"]
[SourceVersion "1"]
[SourceVersionDate "2022.01.31"]
[SourceQuality "1"]

1. e4 c5 2. c3 d5 3. exd5 Qxd5 4. d4 Nf6 5. Nf3 Nc6 6. Be2 Bg4 7. 0-0 cxd4 8. cxd4 e6 9. Nc3 Qd6 10. h3 Bh5 11. Qa4 Be7 12. Rd1 0-0 13. Bg5 Nd5 14. Be3 Nxe3 15. fxe3 Qg3 16. Ne4 Qg6 17. Nc5 Bxc5 18. dxc5 Qg3 19. Qf4 Qxf4 20. exf4 Rfd8 21. Kf2 Bg6 22. Ke3 Nb4 23. Rac1 Nd5+ 24. Kf2 Nxf4 25. Bb5 a6 26. Bf1 Bd3 27. Kg3 Bxf1 28. Kxf4 Bxg2 29. Ne5 f6 30. Nd7 Bd5 31. a4 Rxd7 32. b4 Rc8 33. b5 axb5 34. axb5 Rdc7 35. c6 bxc6 36. b6 Rb7 37. Rb1 Rcb8 38. Ra1 Rxb6 39. Ra7 g5+ 40. Kg4 Rb4+ 41. Kg3 Rb3+ 42. Kf2 Rb2+ 0-1

[Event "Titled Tuesday intern op 16th Nov"]
[Site "Chess.com INT"]
[Date "2021.11.16"]
[Round "4"]
[White "Atanasov, Radislav"]
[Black "Winkels, Marcel"]
[Result "1-0"]
[WhiteElo "2072"]
[BlackElo "1991"]
[PlyCount "47"]
[EventDate "2021.11.16"]
[EventType "swiss (blitz)"]
[EventRounds "11"]
[EventCountry "USA"]
[SourceTitle "CBM 205 Extra"]
[Source "ChessBase"]
[SourceDate "2022.01.31"]
[SourceVersion "1"]
[SourceVersionDate "2022.01.31"]
[SourceQuality "1"]

1. e4 c5 2. c3 d6 3. d4 Nf6 4. dxc5 Nxe4 5. Qa4+ Bd7 6. Qxe4 Bc6 7. Qd3 e6 8. cxd6 Bxd6 9. Nf3 0-0 10. Be2 Qc7 11. Ng5 g6 12. Bf3 Bf4 13. Bxf4 Qxf4 14. Qe3 Qf5 15. 0-0 Qc2 16. Nd2 Qxb2 17. Nde4 Nd7 18. h4 h6 19. Nxe6 fxe6 20. Qxh6 Ne5 21. Ng5 Rf7 22. Nxf7 Kxf7 23. Qf4+ Ke7 24. Qxe5 1-0

[Event "Titled Tuesday intern op 09th Nov"]
[Site "Chess.com INT"]
[Date "2021.11.09"]
[Round "5"]
[White "Atanasov, Radislav"]
[Black "Popadic, Dragan"]
[Result "0-1"]
[WhiteElo "2072"]
[BlackElo "2143"]
[PlyCount "64"]
[EventDate "2021.11.09"]
[EventType "swiss (blitz)"]
[EventRounds "11"]
[EventCountry "USA"]
[SourceTitle "CBM 205 Extra"]
[Source "ChessBase"]
[SourceDate "2022.01.31"]
[SourceVersion "1"]
[SourceVersionDate "2022.01.31"]
[SourceQuality "1"]

1. e4 c5 2. Nc3 Nc6 3. Bb5 Nd4 4. Nf3 e6 5. 0-0 a6 6. Bd3 Nc6 7. a4 d6 8. Ne2 Nf6 9. Ng3 Be7 10. c3 0-0 11. Bb1 Qc7 12. Qc2 Bd7 13. e5 Nxe5 14. Nxe5 dxe5 15. Nh5 g6 16. Ng3 Bc6 17. Re1 Rad8 18. d3 Nd5 19. Qe2 Bf6 20. Ne4 Bg7 21. Nxc5 Nf4 22. Bxf4 exf4 23. d4 e5 24. dxe5 Bxg2 25. Kxg2 Qxc5 26. e6 fxe6 27. Qxe6+ Kh8 28. Be4 Qg5+ 29. Kh1 Rd2 30. Rg1 Qh6 31. Bf3 Rxf2 32. Bxb7 Qxh2# 0-1

[Event "Titled Tuesday intern op 09th Nov"]
[Site "Chess.com INT"]
[Date "2021.11.09"]
[Round "9"]
[White "Atanasov, Radislav"]
[Black "Sanchez, Roberto Daniel"]
[Result "0-1"]
[WhiteElo "2072"]
[BlackElo "1970"]
[PlyCount "88"]
[EventDate "2021.11.09"]
[EventType "swiss (blitz)"]
[EventRounds "11"]
[EventCountry "USA"]
[SourceTitle "CBM 205 Extra"]
[Source "ChessBase"]
[SourceDate "2022.01.31"]
[SourceVersion "1"]
[SourceVersionDate "2022.01.31"]
[SourceQuality "1"]

1. d4 d5 2. c4 c6 3. Nf3 Nf6 4. g3 e6 5. Bg2 Be7 6. 0-0 0-0 7. Nc3 Nbd7 8. Nd2 Re8 9. e4 dxe4 10. Ndxe4 e5 11. d5 cxd5 12. Nxd5 Nxd5 13. Qxd5 Nb6 14. Qxe5 Nxc4 15. Qc3 Be6 16. Bf4 Rc8 17. b3 Na3 18. Qf3 Nc2 19. Rac1 Nd4 20. Qd1 Rxc1 21. Bxc1 Nc6 22. Bb2 Qa5 23. Qa1 f6 24. Bc3 Qh5 25. Re1 Ne5 26. f3 Nxf3+ 27. Bxf3 Qxf3 28. Qd1 Qxd1 29. Rxd1 Bf5 30. Nd6 Rd8 31. Bb4 a5 32. Ba3 b5 33. Bc5 Bg4 34. Rd2 Rd7 35. a4 bxa4 36. bxa4 Rc7 37. Ba3 Bh3 38. Nb5 Rb7 39. Bxe7 Rxe7 40. Rd8+ Kf7 41. Ra8 Re2 42. Nd4 Rg2+ 43. Kh1 Rf2 44. Kg1 Rf1# 0-1